Apuntes de psicología científica / (Record no. 125347)

MARC details
000 -LEADER
campo de control de longitud fija 00601nam a2200193 i 4500
001 - NÚMERO DE CONTROL
campo de control 125347
003 - IDENTIFICADOR DE NÚMERO DE CONTROL
campo de control ES-MaACL
005 - FECHA Y HORA DE LA ÚLTIMA TRANSACCIÓN
campo de control 20250822062551.0
007 - CAMPO FIJO DE DESCRIPCIÓN FÍSICA--INFORMACIÓN GENERAL
campo de control de longitud fija t|
008 - DATOS DE LONGITUD FIJA--INFORMACIÓN GENERAL
campo de control de longitud fija 070605s1918 sp ||||1| spa d
100 1# - ENTRADA PRINCIPAL--NOMBRE DE PERSONA
Nombre de persona Verdes Montenegro y Montoro, José,
Fechas asociadas al nombre 1865-1939
9 (RLIN) 114027
245 10 - MENCIÓN DEL TÍTULO
Título Apuntes de psicología científica /
Mención de responsabilidad, etc. por José Verdes Montenegro y Montoro.
250 ## - MENCION DE EDICION
Mención de edición 5ª ed.
260 ## - PUBLICACIÓN, DISTRIBUCIÓN, ETC.
Lugar de publicación, distribución, etc. Madrid :
Nombre del editor, distribuidor, etc. [s.n.],
Fecha de publicación, distribución, etc. 1918 (
Fabricante Sucesores de Hernando)
300 ## - DESCRIPCIÓN FÍSICA
Extensión 244 p. ;
Dimensiones 23 cm.
650 #7 - PUNTO DE ACCESO ADICIONAL DE MATERIA--TÉRMINO DE MATERIA
Término de materia o nombre geográfico como elemento de entrada Psicología
Fuente del encabezamiento o término embne
9 (RLIN) 16540
852 4# - LOCALIZACIÓN
Ubicación ES-MaACL
Número de control de estantería B-3490
Holdings
Estatus retirado Estado de pérdida Estado de daño No para préstamo Biblioteca de origen Biblioteca actual Ubicación en estantería Fecha de adquisición Fuente de adquisición Total de préstamos Signatura topográfica completa Código de barras Visto por última vez Precio de reemplazo Tipo de ítem Koha
        Biblioteca del Ateneo de Madrid Biblioteca del Ateneo de Madrid Sala Pardo Bazán 17/01/2008     B-3490 1130583 23/02/2023 23/02/2023 Libro impreso